1067 1499 1485 1305 1511 1305 1248 1367 1256 1776 1923 1550 1277 1302 1497 1525 1316 1613 1419 1217 1697 1111 1143 1451 1666 1329 1067 1957 1568 1759 1712 1630 1307 1829 1161 1655 1567 1804 1244 1110 1482 1498 1318 1893 1712 1951 1935 1452 1823 1967 1325 1841 1387 1603 1899 1541 1152 1931 1493 1355 1474 1630 1886 1650 1362 1691 1239 1580 1175 1257 1896 1455 1838 1517 1209 1536 1178 1092 1247 1771 1360 1298 1994 1225 1060 1243 1281 1002 1084 1449 1392 1977 1151 1634 1811 1008 1867 1770 1184 BCNSPRNW ULIB Ver.6.0+V

เปลี่ยนเป็นภาษาไทย

Change to English
 แสดงรายละเอียดบรรณานุกรม
  กลับหน้าหลัก

Brief Record : Get Marc (ISO 2709) : E-mail record : QR code < ปิดหน้าต่าง
LEADER : 00000nam 2200000uu 4500
001    13399122817
003     ULIB
008    020711s2544 th a 000 0 tha d
020    9789744460172
020    9744460172
090    นว.^bพ656พ ล.2
100    พนมเทียน
245    เพชรพระอุมา : ดงมรณะ ล.2 /^cพนมเทียน
260    กรุงเทพฯ :^bณ บ้านวรรณกรรม,^c2544
300    456 หน้า
945    ^p200^l0^i034042
999    ^aกมลทิพย์ ธนสารสุธี
รายการนี้ยังไม่มีแท็ก
คุณยังไม่ได้ล็อกอิน คุณสามารถมีกิจกรรมร่วมกับเว็บไซต์ได้ แต่ต้องล็อกอินก่อน ::
  ล็อกอิน

รายการสื่อสารสนเทศ

ลำดับที่ ประเภท เลขเรียก/บาร์โค้ด สถานที่ สถานะ
1. นวนิยาย
นวนิยาย
นว. พ656พ ล.2 ฉ.1 
  Barcode: 034042
ห้องสมุดวิทยาเขตสวรรค์ประชารักษ์
►นวนิยาย
บนชั้น
  ขอยืม

รายการใกล้เคียง
    ผู้แต่ง [พนมเทียน]

BibComment


ยังไม่เคยถูกคอมเมนท์

คอมเมนท์ทรัพยากรรายการนี้
  คอมเมนท์: เพชรพระอุมา ดงมร..


 Copyright 2026. Bcnsprnw @Library